banner koha

Setores consumidores de madeira: aspectos do mercado atual e potencial do eucalipto (Registro n. 77948)

MARC details
000 -LÍDER
campo de controle de tamanho fixo 01226nam a22004217a 4500
001 - NÚMERO DE CONTROLE
campo de controle BR2012006841
003 - IDENTIFICADOR DO NÚMERO DE CONTROLE
campo de controle BR-BrBNA
005 - DATA E HORÁRIO DA ÚLTIMA TRANSAÇÃO
campo de controle 20230928104050.0
007 - CAMPO FIXO DE DESCRIÇÃO FÍSICA--INFORMAÇÃO GERAL
campo de controle de tamanho fixo ta
008 - CAMPO DE DADOS FIXOS--INFORMAÇÃO GERAL
campo de controle de tamanho fixo 230509b bl.||||| |||| 00| 0 por d
040 ## - FONTE DA CATALOGAÇÃO
Instituição da catalogação original BR-BrBNA
Idioma da catalogação por
Instituição que transcreveu o registro Biblioteca Nacional de Agricultura
041 ## - CÓDIGO DE IDIOMA
Código do idioma do texto/trilha sonora ou título diferente (Por)
072 ## - CÓDIGO DE CATEGORIA DE ASSUNTO
Código de Categoria de Assunto K10
Código do objeto 3240
-- 8901
090 ## - NÚMERO DE CHAMADA LOCAL
-- 3240 BR2012006841
100 1# - ENTRADA PRINCIPAL--NOME PESSOAL
Nome pessoal Nahuz, M.A.R.
100 1# - ENTRADA PRINCIPAL--NOME PESSOAL
Nome pessoal Poffo, O.
100 1# - ENTRADA PRINCIPAL--NOME PESSOAL
Nome pessoal Brainer, M.S. de C.P.
100 1# - ENTRADA PRINCIPAL--NOME PESSOAL
Nome pessoal Ielo, P.K.Y.
100 1# - ENTRADA PRINCIPAL--NOME PESSOAL
Nome pessoal Romagnano, L.F.T. di
100 1# - ENTRADA PRINCIPAL--NOME PESSOAL
Nome pessoal Humphreys, R.D.
100 1# - ENTRADA PRINCIPAL--NOME PESSOAL
Nome pessoal Amaral, F.L.M. do
100 1# - ENTRADA PRINCIPAL--NOME PESSOAL
Nome pessoal Souza, C.A.
100 1# - ENTRADA PRINCIPAL--NOME PESSOAL
Nome pessoal Longo, M.H.C.
100 1# - ENTRADA PRINCIPAL--NOME PESSOAL
Nome pessoal Kury, J.P.N.
110 1# - ENTRADA PRINCIPAL--NOME CORPORATIVO
Nome corporativo ou nome da jurisdição Banco do Nordeste do Brasil, Fortaleza, CE (Brasil)
9 (RLIN) 1130
245 1# - TÍTULO
Título Setores consumidores de madeira: aspectos do mercado atual e potencial do eucalipto
260 3# - PUBLICAÇÃO, DISTRIBUIÇÃO, ETC.
Local de publicação, distribuição, etc. Fortaleza, CE (Brasil):
Data da publicação, distribuição, etc. 2012.
300 ## - DESCRIÇÃO FÍSICA
Extensão 338 p.
500 ## - NOTA GERAL
Nota geral Bibliography p. 238-250; 19 illus.; 13 graphs.; 88 tables
650 ## - ASSUNTO--TERMO TÓPICO
Cabeçalho tópico ou nome geográfico EUCALIPTO
650 ## - ASSUNTO--TERMO TÓPICO
Cabeçalho tópico ou nome geográfico MADEIRA
650 ## - ASSUNTO--TERMO TÓPICO
Cabeçalho tópico ou nome geográfico SILVICULTURA
650 ## - ASSUNTO--TERMO TÓPICO
Cabeçalho tópico ou nome geográfico RECURSO FLORESTAL
650 ## - ASSUNTO--TERMO TÓPICO
Cabeçalho tópico ou nome geográfico ECONOMIA
650 ## - ASSUNTO--TERMO TÓPICO
Cabeçalho tópico ou nome geográfico DESENVOLVIMENTO ECONÔMICO
909 ## -
-- 202309
-- Lucia
-- 55
-- Lucia Elande
942 ## - ELEMENTOS DE ENTRADA ADICIONADOS (KOHA)
Tipo de material Koha Livros
Exemplares
Situação do descarte Fonte da classificação ou esquema de arquivamento na estante Situação física Não pode ser emprestado Coleção Biblioteca de origem Biblioteca atual Total de empréstimos Número de telefone completo Código de barras Data de último acesso Número do exemplar Tipo de material Koha Situação das perdas Data de aquisição Fonte de aquisição
  Classificação AGRIS       Biblioteca Nacional de Agricultura - Binagri Biblioteca Nacional de Agricultura - Binagri   3240 BR2012006841 3240 BR2012006841 25/09/2023 01 Livros   2023-09-25 Portaria Interministerial nº 164/94

BINAGRI

Telefone: (61)3218-2567/2388/3357/2097 - binagri@agro.gov.br

Ministério da Agricultura e Pecuária , Esplanada dos Ministérios, Bloco D, Anexo B, Brasília/DF, CEP: 70.043-900